| 000 | 01063cam a22002891 4500 | ||
|---|---|---|---|
| 001 | 5779 | ||
| 003 | BD-RjUL | ||
| 005 | 20211208234127.0 | ||
| 008 | 140107s1965 maua b 001 0 eng | ||
| 035 | _a(BD-RjUL) | ||
| 035 | _a(OCoLC)573242 | ||
| 040 |
_aDLC _cODaWU _dOCoLC _dUk _d5818 _beng |
||
| 041 | _aeng | ||
| 082 |
_a355.0335 _bMCS 1965 |
||
| 100 | 1 |
_aMcGuire, Martin C. _918145 |
|
| 245 | 1 | 0 |
_aSecrecy and the arms race : _ba theory of the accumulation of strategic weapons and how secrecy affects it / _cMartin C. McGuire. |
| 260 |
_aCambridge ; Mass. : _bHarvard University Press, _c1965. |
||
| 300 |
_avii, 249 p. : _billus. ; _c21 cm. |
||
| 500 | _a"Revision of a dissertation submitted in December 1963 to the Department of Economics, Harvard University, and entitled Information and arms races." | ||
| 504 | _aIncludes index. | ||
| 650 | 0 |
_aMilitary readiness. _918146 |
|
| 650 | 0 |
_aDefense information, Classified. _918147 |
|
| 942 |
_2ddc _cBK |
||
| 999 |
_c5779 _d5779 |
||